LIBRARY & INFORMATION CENTRE, KCAET, TAVANUR

ONLINE PUBLIC ACCESS CATALOGUE (OPAC)

Control engineering / (Record no. 10387)

MARC details
000 -LEADER
fixed length control field 00355cam a2200145ua 4500
003 - CONTROL NUMBER IDENTIFIER
control field OSt
008 - FIXED-LENGTH DATA ELEMENTS--GENERAL INFORMATION
fixed length control field 250101b |||||||| |||| 00| 0 eng d
041 ## - LANGUAGE CODE
Language code of text/sound track or separate title eng
082 ## - DEWEY DECIMAL CLASSIFICATION NUMBER
Classification number 621.37
Item number MUR/CO
100 ## - MAIN ENTRY--AUTHOR NAME
Personal name Murphy, Gerden J .
245 ## - TITLE STATEMENT
Title Control engineering /
260 ## - PUBLICATION, DISTRIBUTION, ETC. (IMPRINT)
Place of publication Toronto :
Name of publisher D Van nostrand co ,
Year of publication 1968.
300 ## - PHYSICAL DESCRIPTION
Number of Pages 385 ; .
942 ## - ADDED ENTRY ELEMENTS (KOHA)
Koha item type Books
Holdings
Withdrawn status Lost status Damaged status Home library Current library Date acquired Full call number Accession Number Koha item type
      KAUAET KAUAET 07/04/2012 621.37 MUR/CO 12179 Books
free website counter